000 00686nam a2200277Ia 4500
005 20260121125440.0
008 008 260114s9999 xx 000 0 eng d
020 _a9781503600966
037 _aEBOOK
040 _aCRL
040 _beng
040 _cCRL
041 _2eng
041 _aeng
084 _qCRL
100 _aSiamdoust, Nahid
_9993135
245 0 _aSoundtrack of the Revolution: The Politics of Music in Iran
260 _bWalter de Gruyter
260 _bWalter de Gruyter
260 _c2017
650 _aHistory
_9993136
856 _uhttp://www.degruyter.com/isbn/9781503600966
942 _cEBOOK
999 _c1562102
_d1562102